Mengenal Ilmu Pemerintahan (Record no. 1600)

000 -LEADER
fixed length control field 00435nam a2200157Ia 4500
020 ## - INTERNATIONAL STANDARD BOOK NUMBER
ISBN 979-518-242-0
084 ## - OTHER CLASSIFICATION OF CALL NUMBER
Call Number (Nomor Katalog) 128-0117 SUR Gov Bo.
100 ## - MAIN ENTRY--AUTHOR NAME
Personal name (Pengarang) Bayu Surianingrat
245 #0 - TITLE STATEMENT
Sub Title (Anak Judul) Mengenal Ilmu Pemerintahan
260 ## - PUBLICATION, DISTRIBUTION, ETC. (IMPRINT)
Place of publication (Tempat Terbit/Kota) Jakarta
Name of publisher (Nama Penerbit) Rineka Cipta
Year of publication (Tahun Terbit) 1992
300 ## - PHYSICAL DESCRIPTION
Number of Pages (Jumlah Halaman) i-1 + 97 hlm
650 ## - SUBJECT ADDED ENTRY--TOPICAL TERM
Topical Term (Topik 1) Government (Pemerintahan)
Relator term (Topik 2) G-O-V
Form subdivision (Topik 3) Ilmu Pemerintahan
942 ## - ADDED ENTRY ELEMENTS (KOHA)
Koha item type Books (Buku)
Holdings
Withdrawn status Lost status Damaged status Not for loan Permanent Location (Lokasi Permanen) Current Location (Lokasi Sekarang) Shelving location (Lokasi Rak) Date acquired Cost, normal purchase price (Harga Buku) Full call number (Nomor Katalog) Barcode Price effective from Koha item type (Jenis Koleksi)
        Fisip Unmul Main Library Fisip Unmul Main Library Bookshelf 03/26/2022 8.00 128-0117 SUR Gov Bo. 128011701 03/26/2022 Books (Buku)